[Event "TCh-CHN 2016"]
[Site "China CHN"]
[Date "2016.04.15"]
[Round "4.1"]
[Board "1"]
[White "Li, Shilong"]
[Black "Zhao, Yuanhe"]
[Result "1-0"]
[WhiteTitle "GM"]
[WhiteElo "2514"]
[BlackElo "2313"]
[WhiteTeam "Guangdong"]
[BlackTeam "Chengdu"]
[WhiteFideId "8600678"]
[BlackFideId "8609497"]
[EventDate "2016.04.12"]

1. e4 e5 2. Nf3 Nf6 3. Nxe5 d6 4. Nf3 Nxe4 5. Nc3 Nxc3 6. dxc3 Be7 7. Be3 Nc6 8.
Qd2 Ne5 9. O-O-O Nxf3 10. gxf3 Bf6 11. Bd3 Be6 12. Be4 Qd7 13. Bxb7 Rb8 14. Bd5
O-O 15. Rhg1 Bxd5 16. Qxd5 Rb5 17. Qc4 Rfb8 18. b3 d5 19. Qf4 Bxc3 20. Rd3 Rb4
21. Qg5 Qc6 22. Qxd5 Qxd5 23. Rxd5 R4b5 24. Rgd1 h6 25. Bxa7 Rxd5 26. Rxd5 Ra8
27. Bd4 Bb4 28. a4 g5 29. h3 Re8 30. Re5 Rd8 31. c3 Bd6 32. Rf5 Bf4+ 33. Kc2 Re8
34. Kd1 Re7 35. a5 c6 36. a6 Bb8 37. Rf6 Rc7 38. Rxh6 1-0

[Event "TCh-CHN 2016"]
[Site "China CHN"]
[Date "2016.04.15"]
[Round "4.1"]
[Board "2"]
[White "Xu, Yinglun"]
[Black "Liu, Guanchu"]
[Result "1/2-1/2"]
[BlackTitle "IM"]
[WhiteElo "2523"]
[BlackElo "2366"]
[WhiteTeam "Guangdong"]
[BlackTeam "Chengdu"]
[WhiteFideId "8604940"]
[BlackFideId "8603901"]
[EventDate "2016.04.12"]

1. d4 f5 2. Nf3 Nf6 3. Bg5 e6 4. Nc3 d5 5. e3 Be7 6. Bd3 O-O 7. O-O h6 8. Bf4 c5
9. dxc5 Bxc5 10. Nb5 Nc6 11. c4 Qe7 12. Bg3 Rd8 13. Qe2 a6 14. Nbd4 Bxd4 15.
Nxd4 Nxd4 16. exd4 dxc4 17. Bxf5 Rxd4 18. Rad1 Rxd1 19. Rxd1 b5 20. Bg6 Bb7 21.
Bd6 Qd7 22. Be5 Bd5 23. Bxf6 gxf6 24. Qh5 Rf8 25. Be4 Qe8 26. Qf3 Bxe4 27. Qxe4
Qe7 28. Rd6 Qxd6 29. Qg6+ Kh8 30. Qxh6+ Kg8 31. Qg6+ 1/2-1/2

[Event "TCh-CHN 2016"]
[Site "China CHN"]
[Date "2016.04.15"]
[Round "4.1"]
[Board "3"]
[White "Zeng, Chongsheng"]
[Black "Xu, Xiangyu"]
[Result "1/2-1/2"]
[WhiteTitle "GM"]
[WhiteElo "2549"]
[BlackElo "2447"]
[WhiteTeam "Guangdong"]
[BlackTeam "Chengdu"]
[WhiteFideId "8603847"]
[BlackFideId "8608288"]
[EventDate "2016.04.12"]

1. e4 e5 2. Nf3 Nf6 3. Nc3 Bb4 4. Bc4 O-O 5. O-O Bxc3 6. bxc3 Nxe4 7. Nxe5 d5 8.
Bb3 Qf6 9. d4 Nd7 10. Nxd7 Bxd7 11. Qd3 c6 12. c4 dxc4 13. Bxc4 Nd6 14. Bb3 c5
15. Ba3 c4 16. Bxc4 Bf5 17. Qb3 Nxc4 18. Qxc4 Rfc8 19. Qd5 Bxc2 20. Rfe1 Rd8 21.
Qxb7 Qxd4 22. Bb2 Qb6 23. Qxb6 axb6 24. Rac1 Bf5 25. a3 Rac8 26. h3 h6 27. Rxc8
Rxc8 28. Re5 Bd7 29. Re7 Rc7 30. Be5 Rc1+ 31. Kh2 Be6 32. Rb7 Rb1 33. Bc7 Rb3 1/2-1/2

[Event "TCh-CHN 2016"]
[Site "China CHN"]
[Date "2016.04.15"]
[Round "4.1"]
[Board "4"]
[White "Li, Yunshan"]
[Black "Liu, Manli"]
[Result "1/2-1/2"]
[WhiteTitle "WFM"]
[WhiteElo "2024"]
[BlackElo "2015"]
[WhiteTeam "Chengdu"]
[BlackTeam "Guangdong"]
[WhiteFideId "8607664"]
[BlackFideId "8608121"]
[EventDate "2016.04.12"]

1. d4 Nf6 2. c4 e6 3. g3 d5 4. Bg2 Be7 5. Nf3 O-O 6. Qc2 c5 7. O-O cxd4 8. Nxd4
Nc6 9. Nxc6 bxc6 10. b3 Ba6 11. Bb2 Qb6 12. Nd2 Rfd8 13. e3 Rac8 14. Rfd1 c5 15.
Rac1 h6 16. Nf3 dxc4 17. bxc4 Bb7 18. Ne5 Bxg2 19. Kxg2 Rxd1 20. Rxd1 Rd8 21.
Bc3 Qb7+ 22. f3 Rxd1 23. Qxd1 Qa6 24. Qb3 Bd6 25. Nd3 Nd7 26. a4 Qc8 27. a5 a6
28. Nb2 Be5 29. Bxe5 Nxe5 30. Qb6 Nd7 31. Qd6 Qb8 32. Qxd7 Qxb2+ 33. Kh3 Qf6 34.
Kg2 Qb2+ 35. Kh3 Qf6 36. Qc6 h5 37. Qa8+ Kh7 38. Qe4+ g6 39. Qf4 Qxf4 40. exf4
f6 41. Kg2 Kg7 42. Kf2 f5 43. h4 1/2-1/2

[Event "TCh-CHN 2016"]
[Site "China CHN"]
[Date "2016.04.15"]
[Round "4.1"]
[Board "5"]
[White "Ren, Xiaoyi"]
[Black "Li, Xueyi"]
[Result "0-1"]
[WhiteElo "2157"]
[BlackElo "2112"]
[WhiteTeam "Chengdu"]
[BlackTeam "Guangdong"]
[WhiteFideId "8608709"]
[BlackFideId "8605912"]
[EventDate "2016.04.12"]

1. d4 d5 2. Nf3 Nf6 3. c4 e6 4. e3 c6 5. Nbd2 c5 6. b3 cxd4 7. exd4 Nc6 8. Bb2
Be7 9. Bd3 O-O 10. O-O b6 11. Rc1 Bb7 12. Bb1 Re8 13. Ne5 dxc4 14. Nxc6 Bxc6 15.
bxc4 Qd6 16. Re1 Qf4 17. Nf1 Bb4 18. Re3 Ng4 19. Re2 Rad8 20. Qc2 g6 21. f3 Nf6
22. a3 Bf8 23. Rd1 Bg7 24. Re5 Qh4 25. Bc1 Bh6 26. Bb2 Bg7 27. Bc1 Bh6 28. Bb2
Bg7 29. Re2 Nh5 30. Red2 Qg5 31. d5 Bxb2 32. dxc6 Qc5+ 33. Kh1 Rxd2 34. Qxd2 Be5
35. Qd7 Nf6 36. Qb7 Rb8 37. Qxa7 Qxc6 38. Ne3 Bc7 39. Qa6 Ra8 40. Qb5 Qxb5 41.
cxb5 Rxa3 42. Bd3 Rb3 43. g3 Bd6 44. Nc4 Bc5 45. Ne5 Nd5 46. Bc4 Re3 47. f4 Nf6
48. g4 h5 49. gxh5 gxh5 50. Rd8+ Kg7 51. Kg2 Ng4 52. Nd3 Re4 53. Nxc5 Rxc4 54.
Nd3 Rc2+ 55. Kg3 Nxh2 56. Ne5 Ng4 57. Nxg4 Rc3+ 58. Kg2 hxg4 59. Rb8 Rb3 60.
Rxb6 Kg6 61. Rb8 Kf5 62. b6 Kxf4 63. b7 Rb2+ 64. Kf1 Kf3 65. Ke1 g3 0-1

[Event "TCh-CHN 2016"]
[Site "China CHN"]
[Date "2016.04.15"]
[Round "4.2"]
[Board "1"]
[White "Bu, Xiangzhi"]
[Black "Mamedyarov, Shakhriyar"]
[Result "1/2-1/2"]
[WhiteTitle "GM"]
[BlackTitle "GM"]
[WhiteElo "2719"]
[BlackElo "2750"]
[WhiteTeam "Shandong"]
[BlackTeam "Zhejiang"]
[WhiteFideId "8601445"]
[BlackFideId "13401319"]
[EventDate "2016.04.12"]

1. Nf3 Nf6 2. c4 e6 3. Nc3 d5 4. d4 Nbd7 5. cxd5 exd5 6. Bf4 c6 7. e3 Nh5 8. Bg3
Nxg3 9. hxg3 Nf6 10. Bd3 Bd6 11. Qc2 g6 12. O-O O-O 13. a3 a5 14. Rfe1 Re8 15.
Rab1 Be6 16. Ng5 Kg7 17. Nxe6+ Rxe6 18. e4 dxe4 19. Bc4 Re7 20. Nxe4 Nxe4 21.
Rxe4 Rxe4 22. Qxe4 Qe7 23. Qxe7 Bxe7 24. d5 Rd8 25. dxc6 bxc6 26. Kf1 Rb8 27. a4
Bf6 28. b3 Kf8 29. Rd1 Rd8 30. Rxd8+ Bxd8 31. g4 1/2-1/2

[Event "TCh-CHN 2016"]
[Site "China CHN"]
[Date "2016.04.15"]
[Round "4.2"]
[Board "3"]
[White "Wen, Yang"]
[Black "Lu, Shanglei"]
[Result "1/2-1/2"]
[WhiteTitle "GM"]
[BlackTitle "GM"]
[WhiteElo "2614"]
[BlackElo "2619"]
[WhiteTeam "Shandong"]
[BlackTeam "Zhejiang"]
[WhiteFideId "8602956"]
[BlackFideId "8603332"]
[EventDate "2016.04.12"]

1. c4 Nf6 2. Nc3 e6 3. d4 Bb4 4. Qc2 d5 5. a3 Bxc3+ 6. Qxc3 O-O 7. Bg5 dxc4 8.
Qxc4 Qd5 9. Qxd5 exd5 10. Bxf6 gxf6 11. Rc1 c6 12. Nf3 a5 13. e3 Bf5 14. Nh4 Be6
15. Bd3 Nd7 16. Kd2 Nb6 17. h3 Nc4+ 18. Kc2 Nd6 19. Kd2 Nc4+ 20. Kc2 Nd6 21. Kd2
Nc4+ 1/2-1/2

[Event "TCh-CHN 2016"]
[Site "China CHN"]
[Date "2016.04.15"]
[Round "4.2"]
[Board "4"]
[White "Ding, Yixin"]
[Black "Zhai, Mo"]
[Result "1/2-1/2"]
[WhiteTitle "WGM"]
[BlackTitle "WGM"]
[WhiteElo "2426"]
[BlackElo "2371"]
[WhiteTeam "Zhejiang"]
[BlackTeam "Shandong"]
[WhiteFideId "8602972"]
[BlackFideId "8600201"]
[EventDate "2016.04.12"]

1. e4 e5 2. Nf3 Nc6 3. Nc3 Nf6 4. Be2 Bb4 5. Nd5 Bc5 6. d3 h6 7. c3 d6 8. d4 Bb6
9. Nxb6 axb6 10. dxe5 Nxe5 11. Nxe5 dxe5 12. Qc2 Be6 13. O-O O-O 14. f4 exf4 15.
Bxf4 Qe7 16. a3 Rfd8 17. Kh1 Qc5 18. Rae1 Ng4 19. Bxg4 Bxg4 20. Re3 Qc4 21. Rfe1
Bh5 22. Qf2 Bg6 23. e5 Qe6 24. h3 Rd7 25. Kh2 Rad8 26. R3e2 Bh5 27. Rd2 Rd3 28.
Rxd3 Rxd3 29. Re3 Rd5 30. Re1 Qd7 31. Qe3 Qe6 32. Qg3 Kh7 33. Qe3 Bg6 34. Qf2
Qf5 35. Kg1 Qe6 36. Kh2 Bf5 37. Re2 Qd7 38. Rd2 Rxd2 1/2-1/2

[Event "TCh-CHN 2016"]
[Site "China CHN"]
[Date "2016.04.15"]
[Round "4.2"]
[Board "5"]
[White "Zhu, Jiner"]
[Black "Chu, Ruotong"]
[Result "0-1"]
[WhiteElo "2095"]
[BlackElo "2078"]
[WhiteTeam "Zhejiang"]
[BlackTeam "Shandong"]
[WhiteFideId "8608059"]
[BlackFideId "8605653"]
[EventDate "2016.04.12"]

1. e4 e5 2. Nf3 Nf6 3. Nc3 Bb4 4. Bc4 O-O 5. O-O d6 6. d3 Bg4 7. h3 Bh5 8. Bg5
c6 9. Bb3 h6 10. Bd2 Nbd7 11. a3 Ba5 12. g4 Nxg4 13. hxg4 Bxg4 14. Nb1 Qf6 15.
Kg2 Bd8 16. Be3 Qg6 17. Rg1 Kh8 18. Kf1 Qh5 19. Nbd2 Ba5 20. c3 Rae8 21. Rg3 Bd8
22. Qe1 g6 23. Rxg4 Qxg4 24. Ke2 Kg7 25. Qh1 Qh5 26. Qxh5 gxh5 27. Rh1 f5 28.
exf5 Rxf5 29. Ne4 Ref8 30. Nh4 Bxh4 31. Rxh4 d5 32. Nd6 R5f6 33. Nxb7 Rb8 34.
Rb4 h4 35. Bxa7 Ra8 36. Be3 h3 37. Rg4+ Rg6 38. Rxg6+ Kxg6 39. Kf3 Rb8 40. Ba4
Rxb7 41. Bxc6 Rc7 42. Bxd5 Nf6 43. Be6 h2 44. Kg2 Re7 45. Bh3 Nd5 46. Bc5 Rb7
47. Bb4 Nf4+ 48. Kxh2 Nxd3 49. Bg2 Rd7 50. Bc6 Rd8 51. Be7 Rc8 52. Be4+ Kf7 53.
Bxd3 Kxe7 54. a4 Rd8 55. Be4 Rd2 56. Kg3 Rxb2 57. f4 Kf6 58. Bd3 Rb3 59. fxe5+
Kxe5 60. Kh4 Rxc3 61. Be2 Kf6 62. Kh5 Kg7 63. a5 Rc5+ 64. Kh4 Rxa5 65. Bd1 Rc5
66. Be2 Kf6 67. Bf3 Rc3 68. Bd5 h5 69. Bg2 Kg6 70. Bd5 Kh6 71. Bf7 Rc5 72. Be6
Rb5 73. Bf7 Rb4+ 74. Kh3 Kg5 75. Bd5 Rd4 76. Bc6 Rd3+ 77. Kh2 Kg4 78. Bb7 Rd2+
79. Bg2 h4 80. Kh1 Kg3 0-1

[Event "TCh-CHN 2016"]
[Site "China CHN"]
[Date "2016.04.15"]
[Round "4.3"]
[Board "1"]
[White "Mu, Ke"]
[Black "Wang, Yiye"]
[Result "1/2-1/2"]
[BlackTitle "IM"]
[WhiteElo "2418"]
[BlackElo "2442"]
[WhiteTeam "Qingdao"]
[BlackTeam "Beijing"]
[WhiteFideId "8602778"]
[BlackFideId "8606021"]
[EventDate "2016.04.12"]

1. d4 d5 2. c4 c6 3. Nf3 Nf6 4. e3 Bg4 5. Nc3 e6 6. Be2 Nbd7 7. O-O Bd6 8. b3
O-O 9. Bb2 a6 10. h3 Bh5 11. Ne5 Bxe2 12. Nxe2 Qc7 13. Nxd7 Nxd7 14. Qc2 Rfe8
15. Rac1 Rac8 16. Nc3 f5 17. Qd3 Qd8 18. cxd5 cxd5 19. Ne2 Qe7 20. Rxc8 Rxc8 21.
Rc1 Qd8 22. Rxc8 Qxc8 23. Qc3 Qxc3 24. Bxc3 Kf7 25. f3 Ke7 26. Kf2 Kf7 27. Ke1
Ke7 28. Kd2 Nf6 29. Kd3 Kd7 30. Be1 h6 31. Bg3 1/2-1/2

[Event "TCh-CHN 2016"]
[Site "China CHN"]
[Date "2016.04.15"]
[Round "4.3"]
[Board "4"]
[White "Zhao, Xue"]
[Black "Hong, Xing"]
[Result "1-0"]
[WhiteTitle "GM"]
[WhiteElo "2504"]
[BlackElo "1986"]
[WhiteTeam "Beijing"]
[BlackTeam "Qingdao"]
[WhiteFideId "8601283"]
[BlackFideId "8606129"]
[EventDate "2016.04.12"]

1. c4 Nf6 2. Nf3 e6 3. b3 d5 4. Bb2 c5 5. e3 Be7 6. Nc3 Nc6 7. cxd5 exd5 8. d4
O-O 9. Be2 Bg4 10. dxc5 Bxc5 11. O-O Re8 12. h3 Bf5 13. Rc1 Bb6 14. Na4 Ne4 15.
Nxb6 axb6 16. a3 Qd6 17. Nd4 Qg6 18. Nxf5 Qxf5 19. Bg4 Qg6 20. Qxd5 Red8 21. Qb5
Rd2 22. Qxb6 h5 23. Qxb7 Rb8 24. Qc7 Qd6 25. Qxd6 Nxd6 26. Bc3 Ra2 27. Bf3 1-0

[Event "TCh-CHN 2016"]
[Site "China CHN"]
[Date "2016.04.15"]
[Round "4.3"]
[Board "5"]
[White "Wang, Jue"]
[Black "Zhou, Guijue"]
[Result "1/2-1/2"]
[WhiteTitle "WGM"]
[BlackTitle "WIM"]
[WhiteElo "2380"]
[BlackElo "2239"]
[WhiteTeam "Beijing"]
[BlackTeam "Qingdao"]
[WhiteFideId "8604070"]
[BlackFideId "8602905"]
[EventDate "2016.04.12"]

1. e4 Nf6 2. e5 Nd5 3. d4 d6 4. Nf3 dxe5 5. Nxe5 c6 6. a3 Nd7 7. Nf3 g6 8. c4
Nc7 9. Nc3 Bg7 10. Be2 O-O 11. O-O e5 12. Bg5 f6 13. Be3 exd4 14. Nxd4 Qe7 15.
Qd2 Ne5 16. Bh6 Ne6 17. Nxe6 Bxe6 18. Bxg7 Kxg7 19. Qe3 Rfe8 20. b3 Qc7 21. Qf4
Re7 22. h4 Nf7 23. Qxc7 Rxc7 24. Rad1 Rd8 25. Rxd8 Nxd8 26. Ne4 Nf7 27. Nc5 Bc8
28. Rd1 b6 29. Ne4 Rd7 30. Rxd7 Bxd7 31. c5 Bf5 32. cxb6 axb6 33. Nc3 Bc2 34. b4
Kf8 35. f4 Ke7 36. Kf2 Nd6 37. g4 f5 38. g5 b5 39. Ke3 Ne4 40. Nxe4 Bxe4 41. Kd4
Kd6 42. Bd1 Bd5 43. a4 bxa4 44. Bxa4 Bf7 45. Bd1 Bd5 46. h5 Bf7 47. hxg6 hxg6
48. Be2 Bd5 49. Bd1 Bf7 50. Bf3 Be8 51. Bg2 Bd7 52. Bf1 Be6 53. Bd3 Bf7 54. Be2
Be6 55. Bf3 Bd7 56. Bd1 Be6 57. Ba4 Bd5 58. Bc2 Be6 59. Bd3 Bf7 60. Bf1 Be6 61.
b5 c5+ 62. Kc3 Kc7 63. Bg2 Bd7 64. Bd5 Be8 65. Bc4 Kb6 66. Kb3 Ka5 67. Ka3 Kb6
68. Ka4 Bd7 69. Bf7 Bxb5+ 70. Kb3 Bd7 71. Bxg6 Be6+ 72. Kc3 Kc6 73. Bh5 Kd6 74.
Bf3 Bf7 75. Be2 Bg6 76. Bc4 Kc6 77. Bg8 Kd6 78. Kc4 Kc6 79. Bd5+ Kd6 80. Bf3
Bf7+ 81. Kc3 Bg6 82. Bb7 Kc7 83. Bd5 Kd6 84. Kc4 Bh5 85. Bg8 Bg6 86. Kb3 Kc6 87.
Bc4 Kd6 88. Ka4 Be8+ 89. Kb3 Bg6 90. Ka4 Be8+ 91. Ka5 Bg6 92. Kb5 Be8+ 93. Kb6
Bg6 94. Bg8 Be8 95. Bh7 Bd7 96. g6 Be6 97. g7 Kd5 98. Bxf5 Bg8 99. Kc7 Kd4 100.
Kd6 c4 101. Bc2 c3 102. f5 Ke3 103. f6 Kd2 104. Bg6 Bf7 105. Bxf7 c2 106. g8=Q
c1=Q 107. Qg5+ 1/2-1/2

[Event "TCh-CHN 2016"]
[Site "China CHN"]
[Date "2016.04.15"]
[Round "4.4"]
[Board "1"]
[White "Yu, Ruiyuan"]
[Black "Xu, Yi"]
[Result "1/2-1/2"]
[WhiteTitle "GM"]
[BlackTitle "FM"]
[WhiteElo "2516"]
[BlackElo "2386"]
[WhiteTeam "Jiangsu"]
[BlackTeam "Shanghai"]
[WhiteFideId "8603090"]
[BlackFideId "8605564"]
[EventDate "2016.04.12"]

1. e4 e5 2. Nf3 Nc6 3. Bb5 a6 4. Bxc6 dxc6 5. O-O Qf6 6. d4 exd4 7. Bg5 Qd6 8.
Qxd4 Qxd4 9. Nxd4 Bd7 10. Nc3 f6 11. Bh4 O-O-O 12. Rad1 Ne7 13. Bg3 Ng6 14. Rd3
Bc5 15. Nb3 Ba7 16. Rfd1 f5 17. exf5 Bxf5 18. Rxd8+ Rxd8 19. Rxd8+ Kxd8 20. Na1
Bd4 21. Nd1 Bf6 22. a3 c5 23. Kf1 c4 24. Ke2 b5 25. c3 h5 26. Ne3 Bd3+ 27. Kf3
Bg5 28. h3 Kd7 29. b3 c5 30. bxc4 bxc4 31. Nac2 Bf6 32. Ne1 h4 33. Nxd3 cxd3 34.
Bb8 Bxc3 35. Ke4 Be1 36. Kxd3 Bxf2 37. Nf5 Ke6 38. Ke4 Kf7 39. Ba7 Kf6 40. Bb6
Kf7 41. a4 Nf8 42. Kf3 Nd7 43. Bc7 Be1 44. Ke2 Bc3 45. Nxh4 Ke6 46. Kd3 Be5 47.
Bxe5 Nxe5+ 48. Ke4 Nc4 49. Nf5 Nd2+ 50. Kf4 g6 51. Ne3 c4 52. Nc2 a5 53. h4 Nb3
54. Ke4 1/2-1/2

[Event "TCh-CHN 2016"]
[Site "China CHN"]
[Date "2016.04.15"]
[Round "4.4"]
[Board "2"]
[White "Wei, Yi"]
[Black "Zhou, Jianchao"]
[Result "1/2-1/2"]
[WhiteTitle "GM"]
[BlackTitle "GM"]
[WhiteElo "2700"]
[BlackElo "2612"]
[WhiteTeam "Jiangsu"]
[BlackTeam "Shanghai"]
[WhiteFideId "8603405"]
[BlackFideId "8603537"]
[EventDate "2016.04.12"]

1. e4 Nf6 2. e5 Nd5 3. d4 d6 4. Nf3 dxe5 5. Nxe5 c6 6. Be2 Bf5 7. O-O Nd7 8. Nf3
e6 9. c4 N5f6 10. Nc3 Ne4 11. Qb3 Nxc3 12. bxc3 Qc7 13. Nh4 Be4 14. Re1 Be7 15.
Bf1 Nf6 16. f3 Bg6 17. g3 b6 18. a4 O-O 19. Nxg6 hxg6 20. a5 c5 21. Be3 cxd4 22.
cxd4 bxa5 23. c5 Nd5 24. Bf2 Rab8 25. Qa3 Bd8 26. f4 Rb4 27. Bg2 Qb8 28. Bxd5
exd5 29. Qf3 Bf6 30. Red1 a4 31. Qxd5 Rd8 32. Qe4 Qb5 33. c6 Rc4 34. Rdc1 Bxd4
35. Bxd4 Rdxd4 36. Qxd4 Rxd4 37. c7 Rc4 38. c8=Q+ Rxc8 39. Rxc8+ Kh7 40. Rc3
Qb6+ 41. Kh1 Qb7+ 42. Kg1 Qb6+ 43. Kh1 Qb7+ 44. Kg1 Qb6+ 1/2-1/2

[Event "TCh-CHN 2016"]
[Site "China CHN"]
[Date "2016.04.15"]
[Round "4.4"]
[Board "3"]
[White "Lin, Chen"]
[Black "Ni, Hua"]
[Result "0-1"]
[WhiteTitle "GM"]
[BlackTitle "GM"]
[WhiteElo "2526"]
[BlackElo "2681"]
[WhiteTeam "Jiangsu"]
[BlackTeam "Shanghai"]
[WhiteFideId "8602298"]
[BlackFideId "8601160"]
[EventDate "2016.04.12"]

1. e4 c5 2. Nf3 Nc6 3. c3 d5 4. exd5 Qxd5 5. d4 Bf5 6. Be2 cxd4 7. cxd4 Bxb1 8.
Rxb1 e6 9. O-O Nf6 10. Be3 Bd6 11. a3 O-O 12. Rc1 Rfd8 13. Ng5 h6 14. Bf3 Qf5
15. Bxc6 bxc6 16. Nf3 Qb5 17. Rc2 Nd5 18. Qe2 a5 19. Rfc1 Rab8 20. Ne5 Bxe5 21.
dxe5 Nxe3 22. Qxe3 Rd3 23. Qe4 Rbd8 24. h3 R8d4 25. Qe1 a4 26. Kh2 g5 27. Rxc6
Qxb2 28. Rc8+ Kg7 29. R8c3 Rxc3 30. Rxc3 Rd2 31. Rg3 Rxf2 32. Qe4 Rf5 33. Re3
Rf4 34. Qa8 Qd4 35. Re1 Qc3 36. Re2 Qxa3 37. Rd2 Qe3 38. Rd8 Qxe5 0-1

[Event "TCh-CHN 2016"]
[Site "China CHN"]
[Date "2016.04.15"]
[Round "4.4"]
[Board "4"]
[White "Zhang, Xiaowen"]
[Black "Yuan, Ye"]
[Result "1/2-1/2"]
[WhiteTitle "WGM"]
[WhiteElo "2374"]
[BlackElo "2212"]
[WhiteTeam "Shanghai"]
[BlackTeam "Jiangsu"]
[WhiteFideId "8603219"]
[BlackFideId "8608415"]
[EventDate "2016.04.12"]

1. e4 c5 2. Nf3 e6 3. d4 cxd4 4. Nxd4 Nc6 5. Nc3 Qc7 6. Be2 a6 7. O-O Nf6 8. Be3
Be7 9. f4 d6 10. Qe1 O-O 11. Qg3 Nxd4 12. Bxd4 b5 13. a3 Bb7 14. Kh1 Bc6 15.
Rae1 Rad8 16. Bd3 Qd7 17. Qh3 e5 18. fxe5 Qxh3 19. gxh3 dxe5 20. Bxe5 Rfe8 21.
b4 Nh5 22. Rf5 g6 23. Rxh5 gxh5 24. Rg1+ Kf8 25. Bg7+ Kg8 26. Bf6+ Kf8 27. Bg7+
Kg8 28. Bf6+ Kf8 29. Bg7+ Kg8 30. Bf6+ 1/2-1/2

[Event "TCh-CHN 2016"]
[Site "China CHN"]
[Date "2016.04.15"]
[Round "4.4"]
[Board "5"]
[White "Ju, Wenjun"]
[Black "Guo, Qi"]
[Result "1/2-1/2"]
[WhiteTitle "GM"]
[BlackTitle "IM"]
[WhiteElo "2568"]
[BlackElo "2436"]
[WhiteTeam "Shanghai"]
[BlackTeam "Jiangsu"]
[WhiteFideId "8603006"]
[BlackFideId "8604002"]
[EventDate "2016.04.12"]

1. d4 d5 2. c4 e6 3. Nf3 Nf6 4. Nc3 Be7 5. Bf4 O-O 6. e3 Nbd7 7. c5 Nh5 8. Bd3
Nxf4 9. exf4 c6 10. O-O b6 11. b4 Qc7 12. g3 a5 13. a3 Ba6 14. Bxa6 Rxa6 15. Qd3
Ra7 16. Rfc1 b5 17. Nd2 Rfa8 18. Nb3 axb4 19. axb4 Rxa1 20. Nxa1 Qb8 21. Nc2 g6
22. Kg2 Kg7 23. Qe2 Bf6 24. Qf3 Bd8 25. Rb1 Bc7 26. Qe2 Nf6 27. Rb3 Qb7 28. Na3
Rb8 29. Rb2 Ne8 30. Ra2 Ra8 31. Nab1 Ra6 32. Qb2 Bd8 33. Nd2 Qa8 34. Rxa6 Qxa6
35. Nf3 Bc7 36. Ne5 f6 37. Nf3 Kf7 38. Ne2 Ng7 39. h3 h6 40. Nc1 Qa4 41. Ne2 Nf5
42. Nc3 Qa8 43. h4 h5 44. Ne2 Qa4 45. Nc3 Qa8 46. Ne2 Qa4 1/2-1/2

[Event "TCh-CHN 2016"]
[Site "China CHN"]
[Date "2016.04.15"]
[Round "4.5"]
[Board "1"]
[White "Malakhov, Vladimir"]
[Black "Liu, Yan"]
[Result "1-0"]
[WhiteTitle "GM"]
[BlackTitle "FM"]
[WhiteElo "2695"]
[BlackElo "2413"]
[WhiteTeam "Tianjing"]
[BlackTeam "Chongqing"]
[WhiteFideId "4120787"]
[BlackFideId "8608962"]
[EventDate "2016.04.12"]

1. e4 c5 2. Nf3 d6 3. d4 cxd4 4. Qxd4 a6 5. Be2 e5 6. Qe3 Qc7 7. c4 Nf6 8. Nc3
Bg4 9. O-O Nc6 10. Bd2 Be7 11. Rac1 Bxf3 12. Qxf3 Nd4 13. Qd3 Nd7 14. Be3 Nc5
15. Qd2 Nce6 16. Bg4 Bf6 17. Nd5 Qd8 18. Bxe6 fxe6 19. Nxf6+ Qxf6 20. Rcd1 Rc8
21. Bxd4 exd4 22. Qxd4 Qxd4 23. Rxd4 Ke7 24. Rfd1 Rc6 25. c5 Rxc5 26. Rxd6 Rhc8
27. Kf1 R8c7 28. Ke2 Ra5 29. a3 Rb5 30. R1d2 Rxb2 31. Rxe6+ Kxe6 32. Rxb2 Ke5
33. Kd3 b5 34. a4 bxa4 35. Rb4 a3 36. g3 g5 37. Ra4 Rb7 38. Rxa3 g4 39. Rxa6
Rb3+ 40. Ke2 Kxe4 41. Ra5 h6 42. Kf1 Rb6 43. Kg2 Rg6 44. h3 gxh3+ 45. Kxh3 Rf6
46. Kg2 Rb6 47. f3+ Ke3 48. Re5+ Kd4 49. f4 Rg6 50. Kh3 Rf6 51. Re1 Kd5 52. Kh4
Rg6 53. f5 1-0

[Event "TCh-CHN 2016"]
[Site "China CHN"]
[Date "2016.04.15"]
[Round "4.5"]
[Board "2"]
[White "Dai, Changren"]
[Black "Zhou, Weiqi"]
[Result "0-1"]
[BlackTitle "GM"]
[WhiteElo "2361"]
[BlackElo "2635"]
[WhiteTeam "Tianjing"]
[BlackTeam "Chongqing"]
[WhiteFideId "8608156"]
[BlackFideId "8601674"]
[EventDate "2016.04.12"]

1. e4 c6 2. d4 d5 3. e5 Bf5 4. Nf3 e6 5. Be2 Nd7 6. O-O h6 7. Nbd2 Ne7 8. Nb3
Qc7 9. a4 g5 10. Ne1 c5 11. c3 c4 12. Nd2 Nc6 13. Nc2 Na5 14. Ne3 Bg6 15. Bh5
Nb6 16. Bxg6 fxg6 17. Qc2 Rg8 18. b4 cxb3 19. Nxb3 Nbc4 20. Nxa5 Nxa5 21. Bd2
O-O-O 22. Rfb1 Rg7 23. Rb5 Nc4 24. Nxc4 Qxc4 25. Rab1 Rdd7 26. h4 Qe2 27. hxg5
hxg5 28. Qd1 Qh5 29. Qf3 Rdf7 30. Qg3 g4 31. Be3 Rc7 32. R5b3 Rh7 33. Kf1 Be7
34. Qf4 Qh1+ 35. Ke2 Qxg2 36. Kd2 g5 37. Qg3 Qe4 38. Rg1 Rh4 39. Qg2 Qxg2 40.
Rxg2 Rc4 41. Rb1 Rxa4 42. Rbg1 Ra2+ 43. Kd3 Rh3 44. Rf1 a5 45. Rxg4 Rf3 46. Rh1
Raxf2 47. Rh7 Kd8 48. Rh8+ Kd7 49. Rb8 Rb2 50. Rg1 a4 51. Ra8 a3 52. Rh1 g4 53.
Rh7 a2 54. Rg7 g3 0-1

[Event "TCh-CHN 2016"]
[Site "China CHN"]
[Date "2016.04.15"]
[Round "4.5"]
[Board "3"]
[White "Wang, Yue"]
[Black "Wang, Chen"]
[Result "1-0"]
[WhiteTitle "GM"]
[BlackTitle "IM"]
[WhiteElo "2718"]
[BlackElo "2514"]
[WhiteTeam "Tianjing"]
[BlackTeam "Chongqing"]
[WhiteFideId "8601429"]
[BlackFideId "8601020"]
[EventDate "2016.04.12"]

1. d4 Nf6 2. c4 e6 3. Nf3 Bb4+ 4. Nbd2 O-O 5. g3 b6 6. Bg2 Bb7 7. O-O Re8 8. Qc2
Bxd2 9. Bxd2 Be4 10. Qb3 d6 11. Rfd1 Nbd7 12. Bf1 Qe7 13. Rac1 h6 14. Nh4 c5 15.
f3 Bc6 16. Be3 Rac8 17. Bf2 cxd4 18. Bxd4 Nc5 19. Qa3 a5 20. b3 Red8 21. Qb2 Ne8
22. Ng2 Qb7 23. Bf2 Nd7 24. a4 Nc5 25. Ne3 Qe7 26. Nc2 Nc7 27. Nd4 Bd7 28. Nb5
Nxb5 29. axb5 e5 30. Rd5 f6 31. e4 Be6 32. Rd2 Qc7 33. Rcd1 Rd7 34. h4 Rf8 35.
Kh2 g5 36. Bh3 Bxh3 37. Kxh3 Rff7 38. Rd5 Kf8 39. Bxc5 dxc5 40. Qd2 Rxd5 41.
Qxd5 Qc8+ 42. Kg2 1-0